Grossstaaten - Statistiken

Allgemein
  • Dieses Quiz wurde 65 mal gespielt
  • Das Durchschnittsergebnis liegt bei 6 aus 6
Antwortstatistiken
Fläche Bevölkerung (2017) Flächenstaat % Korrekt
9'596'961 km² 1386.8 Mio. China
100%
17'075'400 km² 144.5 Mio. Russland
100%
9'525'067 km² 325.4 Mio. Vereinigte Staaten
96%
9'984'670 km² 36.7 Mio. Kanada
95%
7'688'287 km² 24.5 Mio. Australien
86%
8'515'770 km² 207.9 Mio. Brasilien
84%
Keine übereinstimmenden Quizze gefunden
Verteilung der Resultate
Anzahl Personen mit jedem Resultat
Perzentil nach korrekt beantworteten Fragen
Ihre Resultats-Entwicklung
Sie haben dieses Quiz noch nicht gespielt